[Event "Open"]
[Site "Pune IND"]
[Date "2004.09.08"]
[Round "6"]
[White "Dzhumaev,M"]
[Black "Fominyh,A"]
[Result "1/2-1/2"]
[WhiteElo "2520"]
[BlackElo "2546"]

1.e4 c5 2.Nf3 Nc6 3.Bb5 Nf6 4.e5 Nd5 5.O-O Nc7 6.Nc3 Nxb5 7.Nxb5 a6 8.Nc3 d5
9.exd6 Qxd6 10.Ng5 Bf5 11.Nge4 Qg6 12.d3 e6 13.Be3 c4 14.f3 Rd8 15.Bb6 Rd7
16.Nc5 Bxc5+ 17.Bxc5 Qg5 18.f4 Qg6 19.Rf2 f6 20.Rd2 cxd3 21.cxd3 Kf7 22.Qb3 Rhd8
23.Re1 h5 24.Bb6 Re8 25.Be3 Ne7 26.Ne4 b5 27.Qa3 Ra8 28.Nd6+ Kg8 29.Nxb5 Nd5
30.Nc3 Nxc3 31.Qxc3 Rxd3 32.Rxd3 Bxd3 33.Qc6 Re8 34.Bd4 Bb5 35.Qe4 Kf7 36.Bc3 Qxe4
37.Rxe4 Kg6 38.Kf2 Kf5 39.Rb4 Rc8 40.a4 Bc4 41.g3 Bd5 42.Rb6 Rc6 43.Rb8 h4
44.Rh8 hxg3+ 45.hxg3 Rc4 46.a5 g5 47.fxg5 Kxg5 48.Rg8+ Kf5 49.Rd8 Re4 50.Rd6 Bc4
51.Rd2 Bb5 52.Kf3 e5 53.Rd6 Be2+ 54.Kf2 Bb5 55.Kf3 Rg4 56.Rxf6+ Kxf6 57.Kxg4 Kg6  1/2-1/2

[Event "FSGM September"]
[Site "Budapest HUN"]
[Date "2004.09.09"]
[Round "6"]
[White "Meszaros,T"]
[Black "Seres,L"]
[Result "1/2-1/2"]
[WhiteElo "2346"]
[BlackElo "2448"]

1.e4 c5 2.Nf3 Nc6 3.Bb5 g6 4.O-O Bg7 5.Re1 Nf6 6.e5 Nd5 7.Nc3 Nc7 8.Bxc6 dxc6
9.Ne4 Ne6 10.d3 b6 11.Be3 Nd4 12.Nf6+ Kf8 13.Bxd4 cxd4 14.Ne4 h6 15.Ng3 c5
16.Nd2 Qd5 17.f4 Kg8 18.Nde4 Kh7 19.Qf3 Rd8 20.h4 h5 21.f5 Bh6 22.Nxh5 gxh5
23.Qxh5 Rh8 24.e6 Bxe6 25.Ng5+ Kg7 26.Nxe6+ Kf6 27.Ng5 Rag8 28.Ne4+ Qxe4
29.Rxe4 Be3+ 30.Rxe3 Rxh5 31.Re4 Rxf5 32.g4 e6 33.Kg2 Ke7 34.Kg3 Rf6 35.Rf4 Rxf4
36.Kxf4 f6 37.a4 Rh8 38.Kg3 Kf7 39.Re1 Re8 40.b3 a6 41.g5 fxg5 42.hxg5 Rh8
43.Re2 Rh1 44.Kf4 Rf1+ 45.Kg4 Rg1+ 46.Kh5 Rh1+ 47.Kg4 Rg1+ 48.Kf4 Rf1+  1/2-1/2

[Event "TCh-SCG Men"]
[Site "Budva SCG"]
[Date "2004.09.09"]
[Round "2"]
[White "Perunovic,Mio"]
[Black "Draganic,V"]
[Result "1/2-1/2"]
[WhiteElo "2366"]
[BlackElo "2279"]

1.e4 c5 2.Nf3 Nc6 3.Bb5 g6 4.Bxc6 dxc6 5.d3 Bg7 6.h3 Nf6 7.Nc3 Nd7 8.Be3 e5
9.Qd2 Qe7 10.Bh6 f6 11.Bxg7 Qxg7 12.Qe3 Qe7 13.Nd2 Nf8 14.f4 exf4 15.Qxf4 Ne6
16.Qf2 O-O 17.O-O Nd4 18.Nb3 Qe5 19.Nxd4 cxd4 20.Ne2 c5 21.b3 Be6 22.Qf4 Rae8
23.Qxe5 fxe5 24.Kh2 Rxf1 25.Rxf1 Rf8 26.Rxf8+ Kxf8 27.a4 b6 28.g4 Ke7 29.Kg3 a6
30.Ng1 h6 31.Nf3 Kd6 32.Nd2 Bf7 33.Nf3 Be6  1/2-1/2

[Event "Open"]
[Site "Pune IND"]
[Date "2004.09.09"]
[Round "7"]
[White "Dzhumaev,M"]
[Black "Poobesh Anand,S"]
[Result "1-0"]
[WhiteElo "2520"]
[BlackElo "2388"]

1.e4 c5 2.Nf3 Nc6 3.Bb5 g6 4.O-O Bg7 5.c3 Nf6 6.Re1 O-O 7.e5 Nd5 8.d4 cxd4
9.cxd4 d6 10.Nc3 Nxc3 11.bxc3 Bg4 12.exd6 Qxd6 13.h3 Bxf3 14.Qxf3 e6 15.Bf4 Qd7
16.Rad1 Rfe8 17.Rb1 Rac8 18.Ba4 Re7 19.Bg5 f6 20.Be3 Nxd4 21.cxd4 Qxa4 22.Rxb7 Rxb7
23.Qxb7 Re8 24.Rc1 Bf8 25.d5 Qxa2 26.Qc6 Kf7 27.d6 Rd8 28.Qc7+ Ke8 29.Qxh7 e5
30.Qxg6+ Qf7 31.d7+ Ke7 32.Bc5+ Ke6 33.Qg4+ f5 34.Qc4+  1-0

[Event "TCh-SCG Women"]
[Site "Budva SCG"]
[Date "2004.09.10"]
[Round "3"]
[White "Jovanovic,Mirj"]
[Black "Stojanovic,Na"]
[Result "1/2-1/2"]
[WhiteElo "2057"]
[BlackElo "2061"]

1.e4 c5 2.Nf3 Nc6 3.Bb5 g6 4.Bxc6 dxc6 5.d3 Bg7 6.O-O b6 7.Nc3 Nh6 8.Bg5 f6
9.Bd2 e5 10.h3 O-O 11.Nh2 Nf7 12.Qe2 Be6  1/2-1/2

[Event "TCh-SCG Men"]
[Site "Budva SCG"]
[Date "2004.09.10"]
[Round "3"]
[White "Perunovic,Mil"]
[Black "Boskovic,D"]
[Result "0-1"]
[WhiteElo "2555"]
[BlackElo "2410"]

1.e4 c5 2.Nf3 Nc6 3.Bb5 d6 4.Bxc6+ bxc6 5.O-O Bg4 6.h3 Bh5 7.Re1 e5 8.c3 Bxf3
9.Qxf3 Ne7 10.Qd1 Ng6 11.d4 cxd4 12.cxd4 Be7 13.Be3 O-O 14.Nd2 d5 15.Qc2 c5
16.Nb3 exd4 17.Bd2 d3 18.Qc1 c4 19.Nd4 Bf6 20.Nc6 Qd6 21.exd5 Qxd5 22.Nb4 Qd4
23.Bc3 Qd6 24.Qd2 Bxc3 25.bxc3 Rfd8 26.Rad1 a5  0-1

[Event "TCh-CRO u20"]
[Site "Rabac CRO"]
[Date "2004.09.10"]
[Round "6"]
[White "Franciskovic,V"]
[Black "Saric,Iv"]
[Result "0-1"]
[WhiteElo "2151"]
[BlackElo "2227"]

1.e4 c5 2.Nf3 Nc6 3.Bb5 g6 4.Bxc6 dxc6 5.h3 Bg7 6.Nc3 Nf6 7.d3 e5 8.Be3 Nd7
9.Qd2 h6 10.Nh2 Qe7 11.O-O-O Nf8 12.Nf1 Ne6 13.g3 Bd7 14.Qe1 O-O-O 15.Nd2 Nd4
16.Ncb1 Be6 17.c3 Bxa2 18.Bxd4 cxd4 19.c4 Bxb1 20.Nxb1 Kb8 21.Na3 Bf8 22.Nc2 c5
23.Kd2 f5 24.Rb1 Qg5+ 25.Kd1 Qh5+ 26.Kc1 Qf3 27.Kd2 h5 28.Na3 Bh6+ 29.Kc2 fxe4
30.Qxe4 Qxe4 31.dxe4 Rhf8 32.Rh2 Rf3 33.Kd1 d3 34.Nb5 a6 35.Nc3 Rd4 36.b3 d2
37.Ne2 Rdd3 38.Kc2 Rxb3 39.Rxb3 Rxb3 40.Rh1 Rf3 41.Rh2 a5 42.Rg2 a4 43.g4 a3
44.Rg1 Rxf2 45.Nc3 d1=Q+ 46.Kxd1 a2  0-1

[Event "TCh-SCG 2nd Liga"]
[Site "Sutomore SCG"]
[Date "2004.09.10"]
[Round "1"]
[White "Krstic,M"]
[Black "Podlesnik,B"]
[Result "0-1"]
[WhiteElo "2276"]
[BlackElo "2363"]

1.e4 c5 2.Nf3 Nc6 3.Bb5 e6 4.O-O Nge7 5.c3 d5 6.exd5 Qxd5 7.d4 cxd4 8.c4 Qd6
9.Nxd4 Bd7 10.Nxc6 Qxd1 11.Rxd1 bxc6 12.Ba4 Nf5 13.Nc3 Rc8 14.Ne4 e5 15.Be3 Nxe3
16.fxe3 Rc7 17.Nd6+ Ke7 18.c5 g6 19.Bb3 Be6 20.Rd3 Bg7 21.e4 Rb8 22.Rf1 f6
23.Rff3 Bg4 24.Rg3 Bd7 25.Nf5+ Kf8 26.Nxg7 Kxg7 27.Rd6 Rb4 28.Rf3 f5 29.exf5 Bxf5
30.Re3 e4 31.h3 h5 32.Kh2 h4 33.g3 a5 34.gxh4 a4 35.Be6 Rxb2+ 36.Kg3 Bxe6
37.Rxe6 Rxa2 38.R3xe4 Ra3+ 39.Kg4 Ra1 40.Re1 Rxe1 41.Rxe1 Kh6 42.Ra1 Ra7
43.Ra3 Ra5 44.Kf4 Kh5 45.Kg3 Ra7 46.Kf4 Ra5 47.Kg3 Rxc5 48.Rxa4 Rc3+  0-1

[Event "FSGM September"]
[Site "Budapest HUN"]
[Date "2004.09.11"]
[Round "8"]
[White "Grafl,F"]
[Black "Seres,L"]
[Result "0-1"]
[WhiteElo "2411"]
[BlackElo "2448"]

1.e4 c5 2.Nf3 Nc6 3.Bb5 g6 4.O-O Bg7 5.Nc3 d6 6.Bxc6+ bxc6 7.d3 Bg4 8.h3 Bxf3
9.Qxf3 Rb8 10.Qe2 e6 11.f4 Nf6 12.Qf3 O-O 13.Ne2 Qa5 14.g4 c4 15.d4 d5 16.e5 Ne4
17.Nc3 f5 18.exf6 Nxf6 19.Rd1 Nd7 20.Qe3 Rfe8 21.Ne2 c5 22.c3 Qa4 23.Rd2 cxd4
24.cxd4 Rb7 25.Nc3 Qa5 26.Rd1 Nb8 27.f5 gxf5 28.gxf5 Nc6 29.fxe6 Rbe7 30.Qf2 Rxe6
31.Bf4 Nb4 32.Kh1 Nd3 33.Qh4 Nxb2 34.Rg1 Qxc3 35.Rxg7+ Kxg7 36.Rg1+ Rg6 37.Qh6+ Kf6
38.Qh4+ Kf5 39.Rf1 Qd3 40.Qh5+ Ke4 41.Re1+ Kxd4 42.Be5+ Kc5 43.Kh2 Qd2+ 44.Re2 Qg5
45.Bd4+ Kxd4  0-1

[Event "TCh-SCG Women"]
[Site "Budva SCG"]
[Date "2004.09.11"]
[Round "4"]
[White "Boric,T"]
[Black "Vasic,M"]
[Result "1-0"]
[WhiteElo "2033"]
[BlackElo "2213"]

1.e4 c5 2.Nf3 Nc6 3.Bb5 g6 4.O-O Bg7 5.Bxc6 dxc6 6.h3 e5 7.d3 Ne7 8.Be3 b6
9.Nbd2 O-O 10.Nc4 Qc7 11.Qd2 Ba6 12.Qc3 f6 13.Rfe1 Rfd8 14.Rad1 Nc8 15.Bc1 Nd6
16.Ne3 Kh8 17.Ng4 Nb5 18.Qc4 Qe7 19.Bh6 Bc8 20.Bxg7+ Kxg7 21.Nfh2 Be6 22.Qa4 h5
23.Ne3 Rd7 24.Nf3 Rad8 25.c4 Nd4 26.Nxd4 cxd4 27.Nf1 b5 28.cxb5 cxb5 29.Qa5 Rc8
30.Rc1 Rdc7 31.Rxc7 Rxc7 32.a3 Qc5 33.Ng3 Rb7 34.Ne2 Qc7 35.Qd2 a5 36.Rc1 Qb6
37.f4 exf4 38.Qxf4 Rd7 39.Ng3 Bf7 40.e5 fxe5 41.Qxe5+ Qf6 42.Qxb5 Qf4 43.Rf1 Qe3+
44.Kh2 Be6 45.Rf3 Qe1 46.Ne4 Rd5 47.Qb7+ Rd7 48.Qb8 Bf7 49.Qe5+ Kf8 50.Qh8+ Ke7
51.Qf6+ Kf8 52.Qxg6 h4 53.Qh6+ Ke7 54.Qg7 Ke6 55.Nc5+  1-0

[Event "TCh-SCG Men"]
[Site "Budva SCG"]
[Date "2004.09.12"]
[Round "5"]
[White "Kostic,Vl"]
[Black "Perunovic,Mil"]
[Result "1/2-1/2"]
[WhiteElo "2390"]
[BlackElo "2555"]

1.e4 c5 2.Nf3 Nc6 3.Bb5 g6 4.O-O Bg7 5.d3 e5 6.Bxc6 dxc6 7.Be3 Qe7 8.h3 Nf6
9.Qd2 O-O 10.Bh6 Nh5 11.Bxg7 Kxg7 12.Nc3 f6 13.a3 Be6 14.b4 Nf4 15.bxc5 Qxc5
16.Kh2 Rad8 17.Ne2 Nxe2 18.Qxe2 b5 19.Rfc1 Qc3 20.Qe3 a5 21.Ng1 Qd4 22.Qg3 c5
23.f4 exf4 24.Qxf4 Qd6 25.Qxd6 Rxd6 26.Ne2 Bd7 27.Nf4 Re8 28.c4 b4 29.axb4 axb4
30.Ra5 f5 31.exf5 Bxf5 32.Rxc5 Rb8 33.Rb1 Bxd3 34.Rd1 Rbd8 35.Rc7+ Kf6 36.Nd5+ Rxd5
37.cxd5 Rxd5 38.Rb7 Rb5 39.Rxb5 Bxb5 40.Rd6+ Kg7 41.Rb6 Bd3 42.Rxb4 g5 43.Rd4 Bf5
44.Kg3 h6 45.Kf2 Kf6 46.Rd6+ Kg7 47.Ke3 Bg6 48.Kd4 Bc2 49.Ke5 Bb1 50.Rb6 Bc2
51.Rb2 Bd3 52.Rd2 Bb1 53.Rf2 Bd3 54.Ke6 Bc4+ 55.Ke7 Bd5 56.Rd2 Bb7 57.Rb2 Bd5
58.g3 Bc4 59.Rf2 Bd5 60.Kd6 Bc4 61.Ke5 Bd3 62.Rf3 Bc2 63.Rc3 Bb1 64.Rc7+ Kg6
65.Rc1 Bd3 66.Rd1 Bc2 67.Rd2 Bb1 68.Kd6 Kg7 69.Ke6 Kg6 70.Ke7 Kg7 71.Rf2 Be4
72.Rf7+ Kg6 73.Rf6+ Kg7 74.h4 gxh4 75.gxh4 Bd5 76.Rd6 Be4 77.Ke6 Bc2 78.Ke5 Bb1
79.Rd1 Bc2 80.Rg1+ Kh7 81.Kf6 Bd3 82.Ke5 Bc2 83.Kf4 Bd3 84.Rd1 Bc2 85.Rd2 Bb1
86.Kg4 Bg6 87.Rd6 Kg7 88.Rd7+ Kg8 89.Kf4 Bc2 90.Ke5 Bb1 91.Kf6 Bc2 92.Rd2 Bb1
93.Rd7 Bc2 94.Ke5 Bb1 95.Kf4 Bc2 96.Kg4 Bg6  1/2-1/2

[Event "3rd Autumn"]
[Site "Alushta UKR"]
[Date "2004.09.13"]
[Round "6"]
[White "Ovetchkin,R"]
[Black "Kuzubov,Y"]
[Result "1-0"]
[WhiteElo "2475"]
[BlackElo "2467"]

1.e4 c5 2.Nf3 Nc6 3.Bb5 g6 4.Bxc6 dxc6 5.d3 Bg7 6.h3 Nf6 7.Nc3 O-O 8.Be3 b6
9.Qd2 Re8 10.Bh6 Bh8 11.e5 Nd5 12.Ne4 Nc7 13.O-O-O Ne6 14.c3 Qc7 15.h4 Bxe5
16.Nxe5 Qxe5 17.h5 Ba6 18.hxg6 hxg6 19.f4 Qd5 20.c4 Qd4 21.g4 Rad8 22.f5 Qxe4
23.dxe4 Rxd2 24.Rxd2 Nd4 25.Rdh2  1-0

[Event "TCh-SCG Men"]
[Site "Budva SCG"]
[Date "2004.09.13"]
[Round "6"]
[White "Perunovic,Mio"]
[Black "Pap,M"]
[Result "0-1"]
[WhiteElo "2366"]
[BlackElo "2400"]

1.e4 c5 2.Nf3 Nc6 3.Bb5 g6 4.Bxc6 dxc6 5.d3 Bg7 6.h3 e5 7.Be3 Qe7 8.Qd2 Nf6
9.Nc3 h6 10.Nh2 Be6 11.b3 Nh5 12.Na4 b6 13.Qc3 O-O 14.Qd2 Nf4 15.O-O Qg5
16.Bxf4 exf4 17.Nf3 Qh5 18.Rae1 b5 19.Nc3 Bxh3 20.Ne2 g5 21.gxh3 Qxf3 22.Kh2 Be5
23.Ng1 Qh5 24.f3 b4 25.Ne2 Qh4 26.d4 Bxd4 27.Nxd4 Qg3+ 28.Kh1 Qxh3+ 29.Kg1 Rad8
30.c3 bxc3 31.Qxc3 cxd4 32.Qxc6 Rc8  0-1

[Event "TCh-CRO u20"]
[Site "Rabac CRO"]
[Date "2004.09.13"]
[Round "9"]
[White "Lulic,I"]
[Black "Tomicic,A"]
[Result "1-0"]
[WhiteElo "2026"]
[BlackElo "2118"]

1.e4 c5 2.Nf3 Nc6 3.Bb5 d6 4.d4 cxd4 5.Qxd4 Bd7 6.Bxc6 bxc6 7.c4 e5 8.Qd3 Qc7
9.b3 g6 10.Nc3 Be6 11.O-O Bg7 12.Rd1 Rd8 13.Ba3 Bf8 14.Nxe5 d5 15.Bxf8 Kxf8
16.Qg3 Kg7 17.cxd5 cxd5 18.exd5 Bf5 19.Rac1 Qd6 20.Ne2 Ne7 21.Nf4 h5 22.Nc4 Qf6
23.d6 Nc8 24.Nd5 Qe6 25.Qc3+ Kh6 26.Nc7 Qe4 27.Ne5 Rhf8 28.d7 Nb6 29.Ne8 Nxd7
30.Nxd7 Rfxe8 31.Nf6 Rxd1+ 32.Rxd1 Qe2 33.Qc1+ Kg7 34.Nxe8+ Qxe8 35.Qc3+ Kh7
36.h3 Qe6 37.Rd8 f6 38.Qc7+  1-0

[Event "TCh-CRO"]
[Site "Rabac CRO"]
[Date "2004.09.13"]
[Round "9"]
[White "Sax,G"]
[Black "Movsesian,S"]
[Result "1/2-1/2"]
[WhiteElo "2535"]
[BlackElo "2646"]

1.e4 c5 2.Nf3 Nc6 3.Bb5 d6 4.O-O Bd7 5.Re1 Nf6 6.c3 a6 7.Bf1 Bg4 8.h3 Bxf3
9.Qxf3 g6 10.Qd1 Bh6 11.Na3 O-O 12.Nc2 e5 13.Ne3 Bg7 14.d3 Qd7 15.g3 Rad8
16.Bg2 Kh8 17.h4 Ne7 18.Qb3 Rb8 19.a4 Nfg8 20.Nd5  1/2-1/2

[Event "TCh-CRO w"]
[Site "Rabac CRO"]
[Date "2004.09.13"]
[Round "9"]
[White "Bazaj Bockai,S"]
[Black "Kaps,D"]
[Result "0-1"]
[WhiteElo "2161"]
[BlackElo "2186"]

1.e4 c5 2.Nf3 Nc6 3.Bb5 e6 4.Bxc6 bxc6 5.O-O Ne7 6.d3 Ng6 7.e5 Be7 8.Nc3 O-O
9.Re1 f6 10.exf6 Bxf6 11.Ne4 d5 12.Nxf6+ Qxf6 13.d4 Nh4 14.Nxh4 Qxf2+ 15.Kh1 Qxh4
16.Be3 Ba6 17.Qd2 Rf5 18.Bg1 Qf6 19.dxc5 e5 20.Re3 Qg5 21.c3 Raf8 22.Rae1 Bf1
23.R3e2 Bxe2 24.Qxe2 h5 25.b4 Qg4 26.Qd3 Rg5 27.Re2 e4 28.Qe3 Rf1 29.Rf2 Rxf2
30.Qxf2 e3 31.Qf1 e2  0-1

[Event "2nd Saipa Cup"]
[Site "Tehran IRI"]
[Date "2004.09.14"]
[Round "2"]
[White "Ghaem Maghami,E"]
[Black "Agamaliev,G"]
[Result "1/2-1/2"]
[WhiteElo "2552"]
[BlackElo "2515"]

1.e4 c5 2.Nf3 Nc6 3.Bb5 g6 4.Bxc6 dxc6 5.d3 Bg7 6.h3 Nf6 7.Nc3 O-O 8.Be3 b6
9.Qd2 e5 10.Bh6 Qd6 11.O-O a5 12.Ne2 Be6 13.Bxg7 Kxg7 14.Ng5 h6 15.Nxe6+ fxe6
16.Qc3 Kh7 17.f4 Nd7 18.Qd2 exf4 19.Rxf4 Rxf4 20.Qxf4 Qxf4 21.Nxf4 g5 22.Ne2 Rf8
23.Rd1 Kg7 24.d4 Kf7 25.dxc5 Nxc5 26.Rf1+ Ke7 27.Rxf8 Kxf8 28.Nd4 Ke7 29.e5 Na4  1/2-1/2

[Event "2nd Saipa Cup"]
[Site "Tehran IRI"]
[Date "2004.09.18"]
[Round "8"]
[White "Mahjoob,M"]
[Black "Agamaliev,G"]
[Result "0-1"]
[WhiteElo "2461"]
[BlackElo "2515"]

1.e4 c5 2.Nf3 Nc6 3.Bb5 g6 4.O-O Bg7 5.Bxc6 bxc6 6.d3 d6 7.Nbd2 Nf6 8.Rb1 O-O
9.b3 e5 10.Nc4 Nh5 11.h3 Be6 12.Bd2 Qd7 13.Ng5 Nf4 14.Nxe6 Nxe6 15.a3 f5
16.b4 d5 17.Na5 cxb4 18.axb4 Bf6 19.c4 d4 20.exf5 gxf5 21.Qf3 f4 22.Qxc6 Qf7
23.f3 Kh8 24.Kf2 Ng5 25.Ke2 Qg6 26.Nb3 Nf7 27.Rf2 Nh6 28.Kd1 Nf5 29.Qe4 Bg7
30.Nc1 Ne3+ 31.Bxe3 fxe3 32.Re2 Qd6 33.c5 Qd7  0-1

[Event "2nd Saipa Cup"]
[Site "Tehran IRI"]
[Date "2004.09.18"]
[Round "8"]
[White "Ghaem Maghami,E"]
[Black "Ghorbani,M"]
[Result "1-0"]
[WhiteElo "2552"]
[BlackElo "2333"]

1.e4 c5 2.Nf3 Nc6 3.Bb5 g6 4.O-O Bg7 5.Re1 Nf6 6.c3 O-O 7.h3 Qb6 8.Bf1 e5
9.d3 d5 10.Nbd2 Rd8 11.a3 a5 12.Qb3 Qxb3 13.Nxb3 b6 14.Bg5 Be6 15.exd5 Bxd5
16.Nbd2 h6 17.Bxf6 Bxf6 18.a4 Bg7 19.Be2 Rab8 20.Bd1 h5 21.Bc2 f5 22.Re2 Bf6
23.Ne1 Rd7 24.Bb3 Bxb3 25.Nxb3 Kg7 26.Nd2 g5 27.g3 Kg6 28.f3 Nd8 29.Nc4 Nf7
30.Kf1 f4 31.g4 Rd5 32.Rg2 Bd8 33.Ke2 Bc7 34.Nd2 hxg4 35.fxg4 Rh8 36.Rh2 c4
37.Ne4 Nd6 38.Rd1 cxd3+ 39.Kf3 d2 40.Rdxd2 Nxe4 41.Kxe4 Rc5 42.Rd7 Rh7 43.Rxh7 Kxh7
44.Rd2 Kg6 45.Rd7 Rc4+ 46.Kd3 Rc6 47.Nf3 Kf6 48.Rh7 Kg6 49.Re7 Kf6 50.Rh7 Kg6
51.Rh5 e4+ 52.Kxe4 Re6+ 53.Kd5 Rd6+ 54.Kc4 Bd8 55.Rh8 Bf6 56.Re8 Kf7 57.Re2 Rd1
58.Re1 Rd8 59.Kb5 Rd6 60.Re2 Bd8 61.Kc4 Bf6 62.h4 gxh4 63.g5 Bd8 64.Re4 Rc6+
65.Kb3 Bc7 66.Nxh4 Rc5 67.Nf3 b5 68.axb5 Rxb5+ 69.Kc2 Kg6 70.Re6+ Kf7 71.Ra6 Bd8
72.c4 Rc5 73.g6+ Kg7 74.Kd3 Bf6 75.b3 Kxg6 76.Ke4 Kg7 77.Kxf4 Bc3 78.Ke4 Rc7
79.Kd3 Bb4 80.Ne5 Kf8 81.Nc6 Rd7+ 82.Ke4 Bc3 83.Nxa5 Rd4+ 84.Kf5 Ke8 85.Nc6 Rh4
86.Ke6 Rh6+ 87.Kd5 Be1 88.c5 Rh5+ 89.Kc4 Bg3 90.Ra7 Rh6 91.Kb5 Bf2 92.Re7+ Kf8
93.Re2 Bg3 94.b4 Rh7 95.Nd4 Rd7 96.Kc4  1-0

[Event "TCh-SCG Women"]
[Site "Budva SCG"]
[Date "2004.09.19"]
[Round "11"]
[White "Vranesevic,D"]
[Black "Vasic,M"]
[Result "0-1"]
[WhiteElo "2038"]
[BlackElo "2213"]

1.e4 c5 2.Nf3 Nc6 3.Bb5 g6 4.Bxc6 dxc6 5.d3 Bg7 6.Nc3 e5 7.h3 Qe7 8.Be3 Nf6
9.O-O O-O 10.Nh2 Be6 11.b3 h6 12.a4 a5 13.Qc1 Kh7 14.Qa3 b6 15.Rae1 Nh5 16.Ne2 Rae8
17.Qc1 Qd7 18.Bd2 b5 19.axb5 cxb5 20.Qa3 Ra8 21.Ra1 b4 22.Qc1 Ra6 23.Be3 Qb5
24.Ng4 Nf4 25.Qd2 Rfa8 26.Ra2 Nxe2+ 27.Qxe2 a4 28.Rxa4 Rxa4 29.bxa4 Rxa4
30.Rb1 Ra2 31.Qd1 c4 32.dxc4 Qxc4 33.f3 Rxc2 34.Bd2 b3 35.Bc1 Qc3 36.Ne3 Bf8
37.Nf1 b2 38.Be3 Bc5 39.Bxc5 Qxc5+ 40.Kh2 Qf2 41.Ne3 Re2 42.Qg1 Qxe3 43.Qxe3 Rxe3
44.Rxb2 Kg7 45.Kg3 Ra3 46.Rb7 Ra2 47.Re7 Kf6 48.Re8 Bc4 49.f4 exf4+ 50.Kxf4 Rxg2  0-1

[Event "Match"]
[Site "Siauliai LTU"]
[Date "2004.09.20"]
[Round "2"]
[White "Kovalevskaya,E"]
[Black "Cmilyte,V"]
[Result "1-0"]
[WhiteElo "2470"]
[BlackElo "2448"]

1.e4 c5 2.Nf3 Nc6 3.Bb5 g6 4.Bxc6 dxc6 5.d3 Bg7 6.h3 Nf6 7.Nc3 O-O 8.Be3 b6
9.Qd2 e5 10.O-O Qe7 11.Bh6 Nh5 12.Ne2 f6 13.Bxg7 Nxg7 14.Nh2 g5 15.Ng4 h5
16.Ne3 Be6 17.a3 a5 18.Ng3 Qd7 19.b4 axb4 20.axb4 c4 21.Qc3 cxd3 22.Rad1 Qd4
23.Rxd3 Qxc3 24.Rxc3 Rac8 25.Rd1 c5 26.Rd6 cxb4 27.Rxc8 Rxc8 28.Rxb6 b3 29.cxb3 Rc1+
30.Kh2 Kf7 31.Ngf5 Nxf5 32.exf5 Bd7 33.b4 Bc6 34.b5 Be4 35.Ra6 Rb1 36.b6 Rb2
37.Nc4 Rb4 38.Ra7+ Ke8 39.Nd6+ Kd8 40.Nxe4 Rxe4 41.Ra8+  1-0

[Event "Georgiev-Kesarovski Mem"]
[Site "Sunny Beach BUL"]
[Date "2004.09.21"]
[Round "5"]
[White "Nikolov,J"]
[Black "Yordanov,N"]
[Result "0-1"]
[WhiteElo "2113"]
[BlackElo "2244"]

1.e4 c5 2.Nf3 Nc6 3.Bb5 e6 4.O-O Nge7 5.c3 a6 6.Ba4 b5 7.Bc2 d5 8.e5 d4 9.d3 Ng6
10.Re1 Be7 11.a4 Rb8 12.axb5 axb5 13.Nbd2 dxc3 14.bxc3 O-O 15.Bb2 Bb7 16.d4 cxd4
17.cxd4 Nb4 18.Be4 Nd5 19.g3 Bb4 20.Qb3 Nge7 21.Rec1 Qb6 22.Qd3 h6 23.Nb3 Rfc8
24.h4 Rxc1+ 25.Rxc1 Ra8 26.Qe2 Ra2 27.Rc2 Rxb2 28.Rxb2 Nc3 29.Qe1 Bxe4 30.Nbd2 Bxf3
31.Rxb4 Bb7 32.d5 Qc5 33.d6 Qxb4 34.dxe7 Qxe7 35.Qe3 Qc7 36.f3 Nd5 37.Qd3 Qc5+
38.Kg2 Qc3 39.Qe2 Qe3 40.Qd1 Nc3 41.Qc2 Qe2+ 42.Kh3 Bxf3  0-1

[Event "Match"]
[Site "Siauliai LTU"]
[Date "2004.09.22"]
[Round "4"]
[White "Kovalevskaya,E"]
[Black "Cmilyte,V"]
[Result "0-1"]
[WhiteElo "2470"]
[BlackElo "2448"]

1.e4 c5 2.Nf3 Nc6 3.Bb5 g6 4.O-O Bg7 5.c3 Nf6 6.d4 cxd4 7.cxd4 d5 8.e5 Ne4
9.Ne1 Qb6 10.Na3 O-O 11.Be3 h6 12.f3 Ng5 13.Qd2 f6 14.Nec2 Bf5 15.exf6 exf6
16.Ba4 Nf7 17.Rac1 Rac8 18.b4 Rfd8 19.g4 Be6 20.Rfe1 f5 21.h3 Re8 22.Kg2 a6
23.b5 axb5 24.Bxb5 Qd8 25.Bd3 Qd7 26.Qf2 Ra8 27.Rb1 Re7 28.Rb3 Na5 29.Rb6 Nc4
30.Bxc4 dxc4 31.Qg3 g5 32.Qf2 Bd5 33.gxf5 Qxf5 34.Rb5 g4 35.hxg4 Qxg4+ 36.Qg3 Bxf3+
37.Kf2 Qxg3+ 38.Kxg3 Bc6 39.Rh5 Nd6 40.d5 Ne4+ 41.Kh2 Nf6 42.Rh4 Bxd5 43.Rg1 h5
44.Bg5 Re2+ 45.Kh3 Ne4 46.Rxe4 Bxe4 47.Bf6 Bf5+ 48.Kh4 Bg4  0-1

[Event "79th ch-ARG"]
[Site "Buenos Aires ARG"]
[Date "2004.09.24"]
[Round "1"]
[White "Rosito,J"]
[Black "Varela,D"]
[Result "1-0"]
[WhiteElo "2424"]
[BlackElo "2175"]

1.e4 c5 2.Nf3 Nc6 3.Bb5 g6 4.O-O Bg7 5.c3 a6 6.Bxc6 dxc6 7.h3 Nf6 8.Re1 O-O
9.d4 c4 10.b3 cxb3 11.axb3 c5 12.Ba3 cxd4 13.cxd4 b5 14.Nc3 Bb7 15.Rc1 Rc8
16.Qd3 Re8 17.d5 Qa5 18.Bb2 Bh6 19.Rcd1 Nd7 20.Nd4 Nc5 21.Qf3 b4 22.Ra1 bxc3
23.Rxa5 cxb2 24.Rb1 Bg7 25.Qe3 Bxd4 26.Qxd4 Nxb3 27.Qxb2 Nxa5 28.Qb6 Bxd5
29.exd5 Nc4 30.Qxa6 Nd6 31.g4 Rc5 32.Qd3 Rec8 33.Kg2 Rc3 34.Qe2 R3c7 35.Re1 Kf8
36.Qe5 Kg8 37.Qg5 f6 38.Qe3 Nf7 39.Qd4 Rd7 40.Re6 Rcd8 41.Qb4 Re8 42.Qb5 Red8
43.Qc5 Re8 44.h4 h6 45.h5 Ne5 46.Rxe5 fxe5 47.Qc6  1-0

[Event "TCh-Vojvodina"]
[Site "Sombor SCG"]
[Date "2004.09.25"]
[Round "1"]
[White "Azaric,S"]
[Black "Stajic,P"]
[Result "1-0"]
[WhiteElo "2266"]
[BlackElo "2210"]

1.e4 c5 2.Nf3 Nc6 3.Bb5 g6 4.O-O Bg7 5.Re1 Nd4 6.Bf1 d6 7.c3 Nxf3+ 8.Qxf3 Qc7
9.Bb5+ Bd7 10.Bxd7+ Qxd7 11.Na3 Rc8 12.Nc2 Nf6 13.Ne3 Qc6 14.Nd5 Nd7 15.Qh3 Nf6
16.d3 Qd7 17.Nxf6+ Bxf6 18.Qh6 Qg4 19.g3 b5 20.Kg2 Qh5 21.Qxh5 gxh5 22.Bf4 h4
23.e5 dxe5 24.Bxe5 Bxe5 25.Rxe5 hxg3 26.hxg3 Rc6 27.Rae1 e6 28.Rh5 Ke7 29.Ree5 Kd6
30.f4 b4 31.Kf3 Ra6 32.cxb4 cxb4 33.Rb5 Rxa2 34.Rxb4 f6 35.Rb7 h6 36.g4 e5
37.fxe5+ fxe5 38.Ke3 Ke6 39.g5 Kf5 40.Rg7 Rxb2 41.gxh6+ Kf6 42.Rxa7 Rb6 43.h7 Kg6
44.Rxe5 Rxh7 45.Rxh7 Kxh7 46.Rg5  1-0

[Event "Monarch Assurance"]
[Site "Port Erin IOM"]
[Date "2004.09.26"]
[Round "2"]
[White "Baklan,V"]
[Black "Sprenger,J"]
[Result "1/2-1/2"]
[WhiteElo "2595"]
[BlackElo "2477"]

1.e4 c5 2.Nf3 Nc6 3.Bb5 g6 4.O-O Bg7 5.c3 Nf6 6.Re1 O-O 7.h3 Qb6 8.Na3 d5
9.exd5 Nxd5 10.Qa4 Bd7 11.Qh4 e6 12.d3 Qd8 13.Bg5 f6 14.Bd2 Re8 15.Rad1 Nce7
16.Qa4 Nc6 17.Qh4 Nce7 18.Qc4 Rc8 19.Bxd7 Qxd7 20.d4 cxd4 21.Qxd4 b5 22.Qd3 a6
23.c4 bxc4 24.Nxc4 Qb5 25.b3 Nc6 26.Nd4 Nxd4 27.Qxd4 f5 28.Qh4 Rc6 29.Bh6 Bc3
30.Bd2 Bg7 31.Bh6 Bc3 32.Bd2  1/2-1/2

[Event "VIII Itau Cup"]
[Site "Sao Paulo BRA"]
[Date "2004.09.26"]
[Round "3"]
[White "Alonso Moyano,J"]
[Black "Matsuura,E"]
[Result "0-1"]
[WhiteElo "2269"]
[BlackElo "2490"]

1.e4 c5 2.Nf3 Nc6 3.Bb5 e6 4.Bxc6 bxc6 5.O-O Ne7 6.Re1 Ng6 7.e5 Be7 8.d3 O-O
9.Nbd2 f6 10.Nc4 Qc7 11.Qe2 Ba6 12.g3 Rab8 13.Rb1 Rf7 14.Nfd2 fxe5 15.Nxe5 Nxe5
16.Qxe5 Bd6 17.Qe2 Rbf8 18.Ne4 Be7 19.Be3 c4 20.d4 c5 21.dxc5 Qc6 22.Bd4 Bb7
23.b4 cxb3 24.Rxb3 e5 25.Rxb7 Qxb7 26.Bxe5 Qd5 27.f4 Bxc5+ 28.Nxc5 Qxc5+
29.Qf2 Qxf2+ 30.Kxf2 Re7 31.c4 Rc8 32.Rc1 Re6 33.c5 d6 34.Bd4 dxc5 35.Rxc5 Rxc5
36.Bxc5 a6  0-1

[Event "TCh-Vojvodina"]
[Site "Sombor SCG"]
[Date "2004.09.26"]
[Round "2"]
[White "Sanduleac,V"]
[Black "Mujagic,R"]
[Result "1-0"]
[WhiteElo "2492"]
[BlackElo "2339"]

1.e4 c5 2.Nf3 Nc6 3.Bb5 g6 4.Bxc6 bxc6 5.O-O Bg7 6.c3 Nf6 7.Re1 O-O 8.d4 cxd4
9.cxd4 d6 10.h3 Nd7 11.Nc3 c5 12.Be3 cxd4 13.Bxd4 Bxd4 14.Qxd4 Bb7 15.Rad1 Nf6
16.Qe3 Qa5 17.Rd4 Rfc8 18.e5 dxe5 19.Nxe5 Kg7 20.Nxf7 Ng8 21.Ng5 h6 22.Ne6+ Kh7
23.Rd7 Bc6 24.Qd4  1-0

[Event "ZAZ Cup"]
[Site "Zaporozhye UKR"]
[Date "2004.09.26"]
[Round "9"]
[White "Rogovski,V"]
[Black "Teterev,V"]
[Result "1/2-1/2"]
[WhiteElo "2486"]
[BlackElo "2460"]

1.e4 c5 2.Nf3 Nc6 3.Bb5 d6 4.O-O Bd7 5.Re1 a6 6.Bf1 g6 7.Nc3 Bg7 8.a4 e5
9.Bc4 Nf6 10.d3 O-O 11.h3  1/2-1/2

[Event "Premier League"]
[Site "Belgrade SCG"]
[Date "2004.09.27"]
[Round "3"]
[White "Asik,J"]
[Black "Damjanovic,D"]
[Result "1-0"]
[WhiteElo "2313"]
[BlackElo "2321"]

1.e4 c5 2.Nf3 Nc6 3.Bb5 g6 4.O-O Bg7 5.c3 Nf6 6.Re1 O-O 7.d4 d5 8.e5 Ne4
9.Nbd2 Qb6 10.Bxc6 bxc6 11.Nxe4 dxe4 12.dxc5 Qxc5 13.Rxe4 Be6 14.Be3 Qb5
15.b3 Rfd8 16.Rd4 Qa5 17.c4 Bg4 18.Qe1 Bxf3 19.Qxa5  1-0

[Event "Tatry Open"]
[Site "Tatranske Zruby SVK"]
[Date "2004.09.27"]
[Round "4"]
[White "Krajnak,Ju"]
[Black "Karlik,V"]
[Result "1/2-1/2"]
[WhiteElo "2242"]
[BlackElo "2348"]

1.e4 c5 2.Nf3 Nc6 3.Bb5 g6 4.Bxc6 dxc6 5.d3 Bg7 6.h3 Nf6 7.O-O Qc7 8.Be3 b6
9.Qd2 e5 10.Nc3 O-O 11.Bh6  1/2-1/2

[Event "1st Central League"]
[Site "Vrnjacka Banja SCG"]
[Date "2004.09.27"]
[Round "4"]
[White "Organdziev,O"]
[Black "Pavlovic,Neb"]
[Result "1/2-1/2"]
[WhiteElo "2334"]
[BlackElo "2299"]

1.e4 c5 2.Nf3 Nc6 3.Bb5 d6 4.O-O Bd7 5.c3 Nf6 6.Re1 a6 7.Ba4 g6 8.d4 b5 9.Bc2 cxd4
10.cxd4 Bg4 11.d5 Ne5 12.Nbd2 Bg7 13.h3 Bxf3 14.Nxf3 Nxf3+ 15.Qxf3 O-O 16.Qe2 Nd7
17.Rb1 Qa5 18.a3 Rfc8 19.Bd2 Qd8 20.Bd3 Nc5 21.b3 Qd7 22.f4 Nxd3 23.Qxd3 Qa7+
24.Be3 Qd7 25.Rec1 Rxc1+ 26.Rxc1 Rc8 27.Rc2 Kf8 28.a4 bxa4 29.bxa4 h5 30.a5 Ke8
31.Bb6 Bf6 32.Rc4 Bg7 33.Qc2 Rxc4 34.Qxc4 Qb7 35.Kf2 f5 36.g4 hxg4 37.hxg4 fxg4
38.Kg3 Bf6 39.Kxg4 Qd7+ 40.f5 gxf5+ 41.exf5 Kf7 42.Qc6 Qd8  1/2-1/2